General sociology : (Record no. 8194)
[ view plain ]
| 000 -LEADER | |
|---|---|
| fixed length control field | 00682nam a2200181 4500 |
| 008 - FIXED-LENGTH DATA ELEMENTS--GENERAL INFORMATION | |
| fixed length control field | 180103b xxu||||| |||| 00| 0 eng d |
| 020 ## - INTERNATIONAL STANDARD BOOK NUMBER | |
| International Standard Book Number | 9718558152 |
| 082 ## - DEWEY DECIMAL CLASSIFICATION NUMBER | |
| Edition number | 1994 |
| Classification number | DFil 301.599 |
| Item number | P15 |
| 100 ## - MAIN ENTRY--PERSONAL NAME | |
| 9 (RLIN) | 25345 |
| Personal name | Panopio, Isabel S., author. |
| 245 ## - TITLE STATEMENT | |
| Title | General sociology : |
| Remainder of title | focus on the Philippines / |
| Statement of responsibility, etc. | Isabel S. Panopio, Felicidad V. Cordero-MacDonald, Adelisa A. Raymundo. |
| 250 ## - EDITION STATEMENT | |
| Edition statement | Third edition. |
| 260 ## - PUBLICATION, DISTRIBUTION, ETC. (IMPRINT) | |
| Place of publication, distribution, etc. | Quezon City : |
| Name of publisher, distributor, etc. | KEN Incorporated, |
| Date of publication, distribution, etc. | ©1994. |
| 300 ## - PHYSICAL DESCRIPTION | |
| Extent | 466 pages : |
| Other physical details | illustrations ; |
| Dimensions | 22 cm. |
| 500 ## - GENERAL NOTE | |
| General note | Includes bibliographical references. |
| 650 #0 - SUBJECT ADDED ENTRY--TOPICAL TERM | |
| 9 (RLIN) | 25347 |
| Topical term or geographic name as entry element | Sociology |
| Geographic subdivision | Philippines |
| 700 ## - ADDED ENTRY--PERSONAL NAME | |
| 9 (RLIN) | 25346 |
| Personal name | Raymundo, Adelisa A., author. |
| 942 ## - ADDED ENTRY ELEMENTS (KOHA) | |
| Source of classification or shelving scheme | Dewey Decimal Classification |
| Koha item type | Filipiniana |
| Withdrawn status | Lost status | Source of classification or shelving scheme | Damaged status | Not for loan | Collection code | Home library | Current library | Date acquired | Source of acquisition | Total Checkouts | Full call number | Barcode | Date last seen | Copy number | Price effective from | Koha item type |
|---|---|---|---|---|---|---|---|---|---|---|---|---|---|---|---|---|
| Dewey Decimal Classification | Filipiniana | UM Digos College - LIC | UM Digos College - LIC | Purchased | DFil 301.599 P15 1994 | 11372 | 05/15/2025 | 1 | 01/03/2018 | Filipiniana |
